000 00938nam a22003137a 4500
003 CHAP
005 20220817042442.0
008 971013s1967 r 00010 d
010 _a45175
011 _a46147
035 _a50287
040 _cCHAP
090 _aFolleto 6026
100 0 0 _aReche Mármol, José.
_994989
245 _aCultivo del alcaparro o tapanera
260 _aMadrid :
_bMinisterio de Agricultura,
_c1967
300 _a15 p.
_b: ilus.
490 _aHojas divulgadoras
_v; 14
590 _aBATCH-UPD
_b10
_c20130110
_lUCH01
_h0315
590 _aBATCH-UPD
_b10
_c20130110
_lUCH01
_h2235
590 _aBATCH-UPD
_b10
_c20130409
_lUCH01
_h2348
590 _aBATCH-UPD
_b10
_c20130914
_lUCH01
_h1903
590 _aCONVERSION
_b10
_c20130109
_lUCH01
_h1325
650 1 4 _aAlcaparra.
_93569
830 0 _aHojas divulgadoras
_v; 14
901 _aBK
942 _cFOLL
949 _aFolleto 6026
_bBC
_cFOLL
_d-113023
_eTS1
_i50287
_si
999 _c45175
_d45175